| 000 | 00801nam a2200217Ia 4500 | ||
|---|---|---|---|
| 003 | GCL | ||
| 005 | 20240530102135.0 | ||
| 008 | 140319s9999 xx 000 0 ara d | ||
| 040 |
_aGCL / _cGCL |
||
| 082 | 0 | 4 |
_a050 _bع أ |
| 100 | 1 | _aعزالدين العلام | |
| 245 | 1 | 0 |
_aالاداب السلطانية ( عالم المعرفة 324 ) : _bدراسة فى بنية وثوابت الخطاب السياسى / _cعزالدين العلام |
| 250 | _aالاولى | ||
| 260 |
_aالقاهرة : _bالمجلس الوطنى للثقافة والفنون والاداب ، _c2006 |
||
| 300 |
_a285ص ؛ _c24سم |
||
| 490 |
_aعالم المعرفة _v324 |
||
| 650 | 0 | 4 | _aالخطب |
| 650 | 0 | 4 | _aالخطابة السياسية |
| 650 | 0 | 4 | _aالخطاب السياسى |
| 942 |
_2ddc _cBK |
||
| 999 |
_c30069 _d30069 |
||